মুক্তিযুদ্ধের রক্তিম স্মৃতি / (Record no. 1862)
[ view plain ]
| 000 -LEADER | |
|---|---|
| fixed length control field | 00754nam a2200217 a 4500 |
| 001 - CONTROL NUMBER | |
| JCCL Control Number | 1862 |
| 003 - CONTROL NUMBER IDENTIFIER | |
| JCCL marc code | BD-JhCC |
| 005 - DATE AND TIME OF LATEST TRANSACTION | |
| control field | 20171028121107.0 |
| 008 - FIXED-LENGTH DATA ELEMENTS--GENERAL INFORMATION | |
| fixed length control field | 171025s bg a|||| || | 001 0 ben d |
| 035 ## - SYSTEM CONTROL NUMBER | |
| system control number | (BD-JhCC)1862 |
| 040 ## - CATALOGING SOURCE | |
| Original cataloging agency | BD-JhCC |
| Modifying agency | BD-JhCC |
| 041 ## - LANGUAGE CODE | |
| Language code of Book | ben |
| 082 ## - DEWEY DECIMAL CLASSIFICATION NUMBER | |
| Classification number | 954.9205 |
| Author mark and Year | MUK |
| 245 ## - TITLE STATEMENT | |
| Title | মুক্তিযুদ্ধের রক্তিম স্মৃতি / |
| Statement of responsibility, etc | গণপ্রজান্ত্রী বাংলাদেশ সরকার |
| 260 ## - PUBLICATION, DISTRIBUTION, ETC. (IMPRINT) | |
| Place of publication, distribution, etc | ঢাকা : |
| Name of publisher, distributor, etc | ফাইন আর্ট প্রেস, |
| 300 ## - PHYSICAL DESCRIPTION | |
| Pagination | 272 p. : |
| Dimensions | 28 cm. |
| 650 ## - SUBJECT ADDED ENTRY--TOPICAL TERM | |
| Topical term or geographic name as entry element | History Of Bangladesh |
| 710 ## - ADDED ENTRY--CORPORATE NAME | |
| Corporate name or jurisdiction name as entry element | গণপ্রজান্ত্রী বাংলাদেশ সরকার |
| 942 ## - ADDED ENTRY ELEMENTS (KOHA) | |
| Source of classification or shelving scheme | Dewey Decimal Classification |
| Koha item type | Books |
| Source of classification or shelving scheme | volume number | Damaged status | Not for loan | Home library | Current library | Shelving location | Cost, normal purchase price | Total Checkouts | Full call number | Barcode | Date last seen | Copy number | Koha item type | Date of accession | Date checked out |
|---|---|---|---|---|---|---|---|---|---|---|---|---|---|---|---|
| Dewey Decimal Classification | V-1 | JCC Rouf Library | JCC Rouf Library | General Stacks | 500.00 | 954.9205 MUK | 3057 | 10/25/2017 | C-1 | Books | |||||
| Dewey Decimal Classification | V-2 | JCC Rouf Library | JCC Rouf Library | General Stacks | 500.00 | 1 | 954.9205 MUK | 189 | 05/20/2024 | C-2 | Books | 11/19/2023 | 11/19/2023 |